[Event "29. Staufer-Open (A)"]
[Site "?"]
[Date "2017.01.03"]
[Round "3"]
[White "Danada, Tomas"]
[Black "Lesny, Florian"]
[Result "1/2-1/2"]
[WhiteElo "2246"]
[BlackElo "1959"]
[PlyCount "79"]
[EventDate "2017.??.??"]
[BlackTeam "SK Niederbrechen"]

1. g3 c5 2. Bg2 g6 3. c4 Bg7 4. Nc3 Nc6 5. a3 e6 6. Rb1 Nge7 7. b4 cxb4 8. axb4
d5 9. b5 Ne5 10. c5 O-O 11. Nf3 Nxf3+ 12. exf3 Nf5 13. O-O Bd7 14. Ba3 Re8 15.
Re1 Nd4 16. Bf1 h5 17. Re3 Nf5 18. Rd3 Nd4 19. Rb4 e5 20. Rdxd4 exd4 21. Ne2
Rc8 22. b6 axb6 23. Rxb6 Bf8 24. Qb1 Rc6 25. Rxb7 Bxc5 26. Bxc5 Rxc5 27. Nf4
Bf5 28. Bd3 Bxd3 29. Qxd3 Rc7 30. Rb1 Rce7 31. Kg2 Qd7 32. Qxd4 Re5 33. Ra1 Qd6
34. Ra5 Rd8 35. Nd3 Re7 36. Nb4 Red7 37. Ra6 Qc7 38. Nc6 Rd6 39. Qc5 Kh7 40.
Qb5 1/2-1/2

[Event "29. Staufer-Open (A)"]
[Site "?"]
[Date "2017.01.03"]
[Round "3"]
[White "Mesman, Edwyn"]
[Black "Kresovic, Velimir"]
[Result "1-0"]
[WhiteElo "1951"]
[BlackElo "2240"]
[PlyCount "59"]
[EventDate "2017.??.??"]
[BlackTeam "SG Kuppenheim"]

1. d4 d5 2. c4 e6 3. Nc3 c5 4. cxd5 exd5 5. Nf3 Nc6 6. g3 Nf6 7. Bg2 Be7 8. O-O
O-O 9. Bg5 c4 10. Ne5 Be6 11. Qd2 h6 12. Bxf6 Bxf6 13. Nxc6 bxc6 14. Na4 Re8
15. e3 Rb8 16. b3 cxb3 17. axb3 Be7 18. Rfc1 Rxb3 19. Rxc6 Qd7 20. Rcc1 Reb8
21. Nc5 Bxc5 22. dxc5 R3b5 23. c6 Qc7 24. Qd4 R8b6 25. Qf4 Qc8 26. c7 a5 27.
Qa4 Bd7 28. Bf1 Rc5 29. Rxc5 Bxa4 30. Bh3 1-0

[Event "29. Staufer-Open (A)"]
[Site "?"]
[Date "2017.01.03"]
[Round "3"]
[White "Reimann, Matthias"]
[Black "Henrich, Thomas"]
[Result "0-1"]
[WhiteElo "1943"]
[BlackElo "2224"]
[PlyCount "94"]
[EventDate "2017.??.??"]
[WhiteTeam "SK Kriegshaber"]
[BlackTeam "SK Marburg"]

1. Nf3 c5 2. c4 Nc6 3. g3 e5 4. Nc3 d6 5. Bg2 g6 6. O-O Bg7 7. d3 Nge7 8. a3
O-O 9. Rb1 a5 10. Bd2 h6 11. Nd5 Nxd5 12. cxd5 Ne7 13. e4 b5 14. Ne1 f5 15. f4
exf4 16. Bxf4 g5 17. Be3 Ng6 18. Nc2 f4 19. gxf4 gxf4 20. Bf2 Ne5 21. d4 Bg4
22. Qc1 Nd3 23. Qd2 c4 24. Ne1 Nxe1 25. Rfxe1 Qg5 26. h4 Qg6 27. Kh2 h5 28. b3
Bh6 29. Qc3 f3 30. Bh1 Bf4+ 31. Bg3 Bxg3+ 32. Kxg3 f2 33. Rf1 Be2+ 34. Kh2 Bxf1
35. Rxf1 Rf4 36. Qg3 Qxg3+ 37. Kxg3 Raf8 38. bxc4 bxc4 39. Bg2 Rg4+ 40. Kh3
Rff4 41. Rc1 Rxh4+ 42. Kg3 Rhg4+ 43. Kh3 c3 44. e5 Rxg2 45. Kxg2 f1=Q+ 46. Rxf1
Rxf1 47. Kxf1 c2 0-1

[Event "29. Staufer-Open (A)"]
[Site "?"]
[Date "2017.01.03"]
[Round "3"]
[White "Weller, Manuel"]
[Black "Kornitzky, Tino"]
[Result "1-0"]
[WhiteElo "2220"]
[BlackElo "1941"]
[PlyCount "75"]
[EventDate "2017.??.??"]
[WhiteTeam "SC Schwarzenbach"]
[BlackTeam "SC Erlangen"]

1. e4 c5 2. Nf3 d6 3. c3 Nf6 4. Bd3 g6 5. O-O Bg7 6. Bc2 Nc6 7. h3 O-O 8. Qe2
Qc7 9. a4 Nd7 10. Na3 a6 11. Rd1 Nde5 12. Ne1 Nd7 13. f4 e5 14. d3 b6 15. Nf3
Bb7 16. Be3 Rfe8 17. Rac1 Nf6 18. Bb3 Re7 19. Qf2 Rae8 20. Ba2 a5 21. Nb5 Qd8
22. fxe5 dxe5 23. Bc4 Rd7 24. Rd2 Ree7 25. Qh4 Nh5 26. Bg5 Kh8 27. Bxf7 Rxd3
28. Rcd1 Rxd2 29. Rxd2 Qf8 30. Bxe7 Nxe7 31. Bc4 Bf6 32. Qg4 Nf4 33. Nd6 Bc6
34. Nf7+ Kg7 35. N7xe5 Bxe5 36. Nxe5 h5 37. Qg5 Bxe4 38. Rd7 1-0

[Event "29. Staufer-Open (A)"]
[Site "?"]
[Date "2017.01.03"]
[Round "3"]
[White "Kölle, Tobias"]
[Black "Jansen, Dirk Norbert"]
[Result "1-0"]
[WhiteElo "1862"]
[BlackElo "2166"]
[PlyCount "95"]
[EventDate "2017.??.??"]
[WhiteTeam "SF Kornwestheim"]
[BlackTeam "SVG Plettenberg"]

1. d4 f5 2. c4 Nf6 3. g3 g6 4. Bg2 Bg7 5. Nf3 O-O 6. O-O d6 7. Nc3 Qe8 8. d5 a5
9. Nb5 Na6 10. Rb1 Bd7 11. Nbd4 Ne4 12. Ne1 Nac5 13. Nec2 Ba4 14. Be3 Bd7 15.
f3 Nf6 16. Bf2 g5 17. Re1 Qg6 18. Nb3 b6 19. Bd4 f4 20. e4 fxe3 21. Rxe3 Bf5
22. Nba1 Rae8 23. g4 Bd7 24. Bxc5 bxc5 25. Qe2 Kh8 26. Re1 Ng8 27. b3 Bf6 28.
Re4 Qg7 29. Kh1 Nh6 30. Qd1 Nf7 31. Ne3 Ne5 32. Nac2 Ng6 33. Nf1 Nf4 34. Ng3 h5
35. Rxf4 gxf4 36. Nxh5 Qg5 37. Re2 Be5 38. Bf1 Bxg4 39. fxg4 f3 40. Re4 Qh4 41.
Qd2 Rf7 42. Ne3 f2 43. h3 Rf3 44. Nf5 Qxh3+ 45. Bxh3 Rxh3+ 46. Kg2 Rh2+ 47. Kf1
Rh1+ 48. Kxf2 1-0

[Event "29. Staufer-Open (A)"]
[Site "?"]
[Date "2017.01.03"]
[Round "3"]
[White "Fedorchuk, Sergey A"]
[Black "Faralisz, Patrick"]
[Result "1-0"]
[WhiteElo "2625"]
[BlackElo "1865"]
[PlyCount "85"]
[EventDate "2017.??.??"]
[BlackTeam "SC Noris-Tarrasch Nürnberg"]

1. e4 e5 2. Nf3 Nc6 3. Bc4 Bc5 4. d3 Nf6 5. O-O d6 6. a4 h6 7. c3 a6 8. Na3 Ba7
9. Be3 O-O 10. h3 Re8 11. Re1 d5 12. exd5 Nxd5 13. Bxa7 Rxa7 14. d4 e4 15. Ne5
Bf5 16. f3 Nxe5 17. dxe5 Nf4 18. Qxd8 Rxd8 19. fxe4 Be6 20. Rf1 Bxc4 21. Nxc4
Ng6 22. Rad1 Rxd1 23. Rxd1 b5 24. Na5 Nxe5 25. Rd5 Nc4 26. Rd8+ Kh7 27. Nc6 Rb7
28. a5 Nxb2 29. Kf2 Na4 30. Rd3 Nc5 31. Re3 f6 32. Ke2 Nd7 33. Rd3 Nc5 34. Rd4
Ne6 35. Rd7 Nc5 36. Re7 Na4 37. Kd3 Nb2+ 38. Kd4 Nc4 39. Kc5 Ne5 40. Nxe5 fxe5
41. Kc6 b4 42. Kxb7 b3 43. Rd7 1-0

[Event "29. Staufer-Open (A)"]
[Site "?"]
[Date "2017.01.03"]
[Round "3"]
[White "Keymer, Vincent"]
[Black "Staufenberger, Bernd"]
[Result "1-0"]
[WhiteElo "2428"]
[BlackElo "2042"]
[PlyCount "97"]
[EventDate "2017.??.??"]
[WhiteTeam "SK Gau-Algesheim"]
[BlackTeam "SG KK Hohentübingen"]

1. d4 Nf6 2. c4 g6 3. Nc3 d5 4. Bg5 Ne4 5. Bh4 Nxc3 6. bxc3 c5 7. cxd5 Qxd5 8.
Nf3 Bg7 9. e3 Nc6 10. Be2 O-O 11. O-O cxd4 12. cxd4 b6 13. Rc1 e6 14. Bc4 Qd7
15. Bb5 Bb7 16. Qa4 Rfc8 17. Qb3 Qd6 18. Bg3 Qe7 19. Qa4 Nb4 20. Rxc8+ Rxc8 21.
Qxa7 Nd5 22. Ba6 Bxa6 23. Qxa6 Qd8 24. Qa3 Bf8 25. Qb2 Nc3 26. Ne5 b5 27. f3
Qd5 28. Be1 Nd1 29. Qe2 Nc3 30. Bxc3 Rxc3 31. Qb2 Rxe3 32. Ng4 Qg5 33. Nxe3
Qxe3+ 34. Kh1 b4 35. Rd1 Bd6 36. Qd2 Qa3 37. d5 exd5 38. Qxd5 Bf8 39. h3 Qc3
40. Qb3 Qe5 41. Qd3 Qe6 42. Qd2 h5 43. Re1 Qc6 44. Re4 Qb5 45. Qe2 Qd5 46. Re8
Qd6 47. Qe5 Qd1+ 48. Kh2 Qd7 49. Qb8 1-0

[Event "29. Staufer-Open (A)"]
[Site "?"]
[Date "2017.01.03"]
[Round "3"]
[White "Frischmann, Rick"]
[Black "Schweizer, Manfred"]
[Result "1-0"]
[WhiteElo "2323"]
[BlackElo "2035"]
[PlyCount "45"]
[EventDate "2017.??.??"]
[WhiteTeam "SC Schwarzenbach"]
[BlackTeam "Post-SV Memmingen"]

1. e4 d6 2. d4 Nf6 3. Nc3 g6 4. f4 Bg7 5. Nf3 O-O 6. e5 Nfd7 7. Bc4 Nb6 8. Bb3
Nc6 9. Be3 Na5 10. Qe2 Nxb3 11. axb3 f6 12. h3 c6 13. O-O Qc7 14. g4 Be6 15.
Bd2 Qd7 16. Rae1 Rae8 17. f5 gxf5 18. gxf5 Bxf5 19. e6 Qc8 20. Nh4 Bxh3 21. Nf5
Kh8 22. Qh5 Bxf1 23. Kxf1 1-0

[Event "29. Staufer-Open (A)"]
[Site "?"]
[Date "2017.01.03"]
[Round "3"]
[White "Buckels, Valentin"]
[Black "Walker, Kevin"]
[Result "1-0"]
[WhiteElo "2309"]
[BlackElo "2027"]
[PlyCount "51"]
[EventDate "2017.??.??"]
[WhiteTeam "SV Mülheim-Nord"]
[BlackTeam "SV Jedesheim"]

1. d4 Nf6 2. c4 g6 3. Nf3 Bg7 4. g3 d5 5. cxd5 Nxd5 6. Bg2 O-O 7. O-O Nb6 8.
Nc3 Nc6 9. d5 Na5 10. Qc2 c6 11. dxc6 Nxc6 12. Rd1 Qe8 13. Qe4 Bf5 14. Qh4 f6
15. g4 Bc2 16. Rd2 g5 17. Qg3 Bg6 18. Nd4 Nxd4 19. Rxd4 f5 20. Rd1 f4 21. Qf3
Rd8 22. Rxd8 Qxd8 23. Qxb7 Bd4 24. Bf3 e5 25. Ne4 Na4 26. Qb3+ 1-0

[Event "29. Staufer-Open (A)"]
[Site "?"]
[Date "2017.01.03"]
[Round "3"]
[White "Junger, Ulrich"]
[Black "Tölg, Wolfgang"]
[Result "1-0"]
[WhiteElo "1995"]
[BlackElo "1651"]
[PlyCount "99"]
[EventDate "2017.??.??"]
[WhiteTeam "SV Ebersbach"]
[BlackTeam "SF Oeffingen"]

1. Nf3 d5 2. d4 f5 3. Bf4 e6 4. e3 Nf6 5. Nbd2 Ne4 6. Nxe4 fxe4 7. Ne5 g6 8. h4
Bg7 9. Qg4 Qf6 10. h5 Nd7 11. hxg6 hxg6 12. Rxh8+ Bxh8 13. Qxg6+ Qxg6 14. Nxg6
Bf6 15. Bxc7 a6 16. O-O-O Bg5 17. Bf4 Bf6 18. f3 Kf7 19. Ne5+ Bxe5 20. Bxe5
exf3 21. gxf3 Nxe5 22. dxe5 Bd7 23. Bd3 Rg8 24. Rf1 Rg3 25. Kd2 Be8 26. Kc3 Bc6
27. Kd4 Ke7 28. e4 dxe4 29. Bxe4 Bxe4 30. Kxe4 Rg2 31. Kd3 Kd7 32. a4 Kc6 33.
b4 Kd5 34. Re1 Rg3 35. c4+ Kc6 36. Ke4 Rg2 37. Rd1 Rc2 38. Rd6+ Kc7 39. Kd3 Rf2
40. Rxe6 Rxf3+ 41. Kd4 b6 42. a5 bxa5 43. bxa5 Kb7 44. Rb6+ Ka7 45. e6 Rf1 46.
Kd5 Rd1+ 47. Kc6 Rc1 48. c5 Re1 49. Kd7 Rd1+ 50. Rd6 1-0

[Event "29. Staufer-Open (B)"]
[Site "?"]
[Date "2017.01.03"]
[Round "3"]
[White "Gheng, Simona"]
[Black "Diener, Carolin Valeria"]
[Result "1-0"]
[WhiteElo "1975"]
[BlackElo "1647"]
[PlyCount "109"]
[EventDate "2017.??.??"]
[WhiteTeam "SF Deizisau"]
[BlackTeam "SK Bad Homburg"]

1. e4 e5 2. Nf3 Nc6 3. Bb5 a6 4. Ba4 Nf6 5. O-O Nxe4 6. Re1 Nd6 7. Nxe5 Be7 8.
Qe2 Nd4 9. Qg4 Ne6 10. d4 O-O 11. c3 Ne8 12. Qf3 Nf6 13. Bc2 d6 14. Nd3 Rb8 15.
d5 Nc5 16. h3 Ncd7 17. Nd2 b5 18. Nf1 Bb7 19. Ne3 a5 20. Nf4 Nb6 21. Rd1 Re8
22. Nf5 Bf8 23. b3 g6 24. Ne3 Bg7 25. Bb2 Nbd7 26. Ng4 Nxg4 27. Qxg4 b4 28.
Rac1 bxc3 29. Ba1 Nc5 30. Bb1 c2 31. Bxc2 Bxa1 32. Rxa1 Re5 33. Rd4 Qf6 34.
Rad1 Rbe8 35. h4 Re1+ 36. Kh2 Rxd1 37. Rxd1 Qe5 38. Qg3 Ba6 39. h5 Kf8 40. hxg6
hxg6 41. Bxg6 Qg7 42. Bf5 Re5 43. Qxg7+ Kxg7 44. g4 Kh6 45. Kg3 Kg5 46. Ne6+
Nxe6 47. dxe6 Kf6 48. exf7 Kxf7 49. Rc1 c5 50. Rh1 Re2 51. Rh7+ Kf6 52. Ra7 Bb5
53. Rxa5 Be8 54. Ra7 Rd2 55. f4 1-0

[Event "29. Staufer-Open (B)"]
[Site "?"]
[Date "2017.01.03"]
[Round "3"]
[White "Häussler, Stefan"]
[Black "Costa, Leonardo"]
[Result "0-1"]
[WhiteElo "1921"]
[BlackElo "1620"]
[PlyCount "73"]
[EventDate "2017.??.??"]
[WhiteTeam "SC Leinzell"]
[BlackTeam "SK München Südost"]

1. d4 d5 2. c4 e6 3. cxd5 exd5 4. Nc3 c5 5. Bf4 Nc6 6. e3 cxd4 7. exd4 Nf6 8.
Nf3 Bg4 9. Be2 Bd6 10. Bxd6 Qxd6 11. O-O O-O 12. Re1 Qb4 13. Rb1 Rfe8 14. a3
Qb6 15. Na4 Qc7 16. Nc3 Rad8 17. Qd2 h6 18. Rbc1 Qb6 19. Na4 Qa5 20. Nc3 Qb6
21. Red1 Bxf3 22. Bxf3 Nxd4 23. Qxd4 Re1+ 24. Rxe1 Qxd4 25. Red1 Qe5 26. Nxd5
Nxd5 27. Rc5 b6 28. Rcxd5 Rxd5 29. Bxd5 Qxb2 30. Be4 g6 31. a4 Kg7 32. g3 Qb4
33. Bc6 Qc5 34. Be8 Qc8 35. Bd7 Qc2 36. Re1 Kf6 37. Re2 0-1

[Event "29. Staufer-Open (B)"]
[Site "?"]
[Date "2017.01.03"]
[Round "3"]
[White "Hirner, Raymond"]
[Black "Zeller, Elisa"]
[Result "0-1"]
[WhiteElo "1596"]
[BlackElo "1902"]
[PlyCount "108"]
[EventDate "2017.??.??"]
[WhiteTeam "TSG Zell"]
[BlackTeam "SF Göppingen"]

1. e4 e6 2. f4 d5 3. exd5 exd5 4. d4 Nc6 5. Nf3 Nge7 6. c3 Bf5 7. Bd3 Bxd3 8.
Qxd3 f6 9. O-O Qd7 10. Nbd2 O-O-O 11. Nb3 Nf5 12. Bd2 h5 13. Be1 Bd6 14. Nh4
Nce7 15. a4 Nxh4 16. Bxh4 Qg4 17. Qg3 Nf5 18. Qxg4 hxg4 19. Bg3 Rh5 20. Kf2 Rf8
21. Nc1 g5 22. Nd3 gxf4 23. Nxf4 Nxg3 24. hxg3 Rf5 25. Kg1 Re8 26. Rf2 Re3 27.
Kh2 c5 28. Rd1 cxd4 29. cxd4 Re4 30. Rc2+ Kd7 31. Ne2 Re3 32. Rdc1 Rf2 33. Nf4
Bxf4 34. gxf4 Rh3+ 35. Kg1 Rxc2 36. Rxc2 Rd3 37. Kf2 Rxd4 38. Kg3 f5 39. Re2
Re4 40. Rd2 Kd6 41. Kh4 Rxf4 42. Kg5 Rxa4 43. Kxf5 Rb4 44. Re2 b5 45. g3 a5 46.
Rc2 Rc4 47. Rd2 a4 48. Re2 b4 49. Re6+ Kc5 50. Ra6 b3 51. Ra5+ Kb4 52. Rxd5 Rc5
53. Rxc5 Kxc5 54. Kxg4 a3 0-1

[Event "29. Staufer-Open (B)"]
[Site "?"]
[Date "2017.01.03"]
[Round "3"]
[White "Kasüschke, Lars"]
[Black "Rauer, Wilhelm"]
[Result "1-0"]
[WhiteElo "1900"]
[BlackElo "1594"]
[PlyCount "32"]
[EventDate "2017.??.??"]
[WhiteTeam "SG Schwäbisch Gmünd"]
[BlackTeam "SC Ellwangen"]

1. e4 e6 2. d4 d6 3. c4 Be7 4. Nf3 h6 5. Nc3 Nd7 6. Be2 Ngf6 7. O-O O-O 8. Be3
Nh7 9. Qc2 e5 10. Rad1 Bg5 11. Nxg5 Nxg5 12. f3 c6 13. c5 Qe7 14. cxd6 Qxd6 15.
dxe5 Qg6 16. f4 Nxe4 1-0

[Event "29. Staufer-Open (B)"]
[Site "?"]
[Date "2017.01.03"]
[Round "3"]
[White "Schmitt, Roland"]
[Black "Staudacher, Leon"]
[Result "1-0"]
[WhiteElo "1939"]
[BlackElo "1611"]
[PlyCount "29"]
[EventDate "2017.??.??"]
[WhiteTeam "SK Großsachsen"]
[BlackTeam "SC Sendling"]

1. d4 d5 2. c4 e6 3. Nc3 Nf6 4. Nf3 c5 5. e3 dxc4 6. Bxc4 cxd4 7. exd4 b6 8.
O-O Bb7 9. Bg5 h6 10. Bxf6 Qxf6 11. d5 exd5 12. Re1+ Be7 13. Nxd5 Bxd5 14. Qxd5
Nc6 15. Bb5 1-0

[Event "29. Staufer-Open (A)"]
[Site "?"]
[Date "2017.01.03"]
[Round "4"]
[White "Nagy, Gabor"]
[Black "Dgebuadze, Alexandre"]
[Result "1/2-1/2"]
[WhiteElo "2433"]
[BlackElo "2505"]
[PlyCount "20"]
[EventDate "2017.??.??"]

1. Nf3 Nf6 2. c4 e6 3. d4 Bb4+ 4. Bd2 a5 5. g3 b6 6. Bg2 Bb7 7. O-O O-O 8. Bg5
Be7 9. Qc2 Be4 10. Qd2 d5 1/2-1/2

[Event "29. Staufer-Open (A)"]
[Site "?"]
[Date "2017.01.03"]
[Round "4"]
[White "Kantor, Gergely"]
[Black "Zeller, Frank"]
[Result "1/2-1/2"]
[WhiteElo "2448"]
[BlackElo "2389"]
[PlyCount "67"]
[EventDate "2017.??.??"]
[BlackTeam "SK Schwäbisch Hall"]

1. d4 Nf6 2. c4 e6 3. Nf3 c5 4. d5 d6 5. Nc3 exd5 6. cxd5 g6 7. Nd2 Nbd7 8. e4
Bg7 9. Be2 O-O 10. O-O Re8 11. a4 Ne5 12. Ndb1 Ned7 13. f3 a6 14. Na3 Nh5 15.
g4 Bd4+ 16. Kh1 Ng7 17. Nc2 Bf6 18. Be3 h5 19. gxh5 Nxh5 20. f4 Ng7 21. Bd3 Qe7
22. Na3 b5 23. axb5 Nb6 24. f5 axb5 25. fxg6 fxg6 26. Qf3 Rf8 27. Bxb5 Bd7 28.
Qg2 Bxc3 29. Rxf8+ Qxf8 30. Bxd7 Bxb2 31. Qxb2 Qf3+ 32. Qg2 Qxg2+ 33. Kxg2 Nxd7
34. Bf4 1/2-1/2

[Event "29. Staufer-Open (A)"]
[Site "?"]
[Date "2017.01.03"]
[Round "4"]
[White "Vorobiov, Evgeny E"]
[Black "Keller, Peter"]
[Result "1-0"]
[WhiteElo "2585"]
[BlackElo "2295"]
[PlyCount "87"]
[EventDate "2017.??.??"]
[WhiteTeam "SF 90 Spraitbach"]
[BlackTeam "Frankfurter TV"]

1. d4 d5 2. c4 c6 3. Nf3 Nf6 4. e3 Bg4 5. cxd5 Bxf3 6. Qxf3 cxd5 7. Nc3 e6 8.
Bd3 Nc6 9. O-O Be7 10. Rd1 O-O 11. Bf1 Qb6 12. Rb1 Rfc8 13. Bd2 Qd8 14. Be1 Bb4
15. Rbc1 Na5 16. Qe2 a6 17. Na4 Bxe1 18. Qxe1 Nd7 19. Nc5 Nxc5 20. dxc5 Nc6 21.
b4 Qe7 22. Qd2 Rc7 23. a3 Rd8 24. Qb2 Rdc8 25. h3 Qf6 26. Qxf6 gxf6 27. Rb1 f5
28. g4 fxg4 29. hxg4 Kg7 30. f4 Ne7 31. Kf2 f5 32. Be2 fxg4 33. Bxg4 Kf6 34.
Rh1 Rg8 35. Kf3 Nf5 36. Bxf5 exf5 37. Rh6+ Rg6 38. Rbh1 Rcg7 39. Rxh7 Rg3+ 40.
Ke2 Rg2+ 41. Kd3 Ra2 42. R1h6+ Kf7 43. Rxg7+ Kxg7 44. Rb6 1-0

[Event "29. Staufer-Open (A)"]
[Site "?"]
[Date "2017.01.03"]
[Round "4"]
[White "Miezis, Normunds"]
[Black "Weller, Manuel"]
[Result "1-0"]
[WhiteElo "2507"]
[BlackElo "2220"]
[PlyCount "79"]
[EventDate "2017.??.??"]
[WhiteTeam "SC Emmendingen"]
[BlackTeam "SC Schwarzenbach"]

1. c4 e5 2. Nc3 Nc6 3. g3 Bc5 4. Bg2 a6 5. e3 d6 6. d3 Ba7 7. Rb1 Nge7 8. b4
O-O 9. Nge2 f5 10. O-O Be6 11. Nd5 Qd7 12. a4 Nd8 13. b5 axb5 14. axb5 Nc8 15.
Qc2 Nf7 16. d4 f4 17. gxf4 exd4 18. Ng3 Nh6 19. e4 Bc5 20. f5 Bxd5 21. cxd5 Ng4
22. Qd1 Ne5 23. Ne2 d3 24. Nf4 Ra5 25. Ne6 Re8 26. Bf4 Bb6 27. Bxe5 dxe5 28.
Qxd3 Nd6 29. Qg3 Nxb5 30. Qxe5 Nd4 31. Rxb6 Ne2+ 32. Kh1 cxb6 33. Qb2 g6 34.
fxg6 Rxe6 35. dxe6 Qb5 36. e7 Qxb2 37. e8=Q+ Kg7 38. Qf7+ Kh6 39. Qxh7+ Kg5 40.
g7 1-0

[Event "29. Staufer-Open (A)"]
[Site "?"]
[Date "2017.01.03"]
[Round "4"]
[White "Jurek, Josef"]
[Black "Teske, Henrik"]
[Result "1/2-1/2"]
[WhiteElo "2272"]
[BlackElo "2498"]
[PlyCount "20"]
[EventDate "2017.??.??"]
[WhiteTeam "SG Schwäbisch Gmünd"]
[BlackTeam "SV Empor Erfurt"]

1. Nf3 Nf6 2. c4 e6 3. g3 a6 4. b3 b5 5. Nc3 c5 6. cxb5 axb5 7. Nxb5 Ba6 8. Nc3
d5 9. Bg2 Nbd7 10. d3 Bd6 1/2-1/2

[Event "29. Staufer-Open (A)"]
[Site "?"]
[Date "2017.01.03"]
[Round "4"]
[White "Gavrilov, Alexei"]
[Black "Schlotterbeck, Peter"]
[Result "1-0"]
[WhiteElo "2498"]
[BlackElo "2097"]
[PlyCount "115"]
[EventDate "2017.??.??"]
[BlackTeam "SC Kirchentellinsfurt"]

1. d4 d5 2. c4 e6 3. Nc3 f5 4. Nf3 c6 5. Bf4 Nf6 6. e3 Bd6 7. Bd3 O-O 8. O-O
Ne4 9. Qc2 Qe7 10. c5 Bxf4 11. exf4 Nd7 12. b4 b6 13. Ne2 Bb7 14. Rfc1 Rfc8 15.
Rab1 a5 16. bxa5 Rxa5 17. cxb6 c5 18. dxc5 Raxc5 19. Qb2 Rxc1+ 20. Rxc1 Rxc1+
21. Qxc1 Qc5 22. Qxc5 Nexc5 23. Bb5 Nxb6 24. Ned4 h6 25. Ne5 Kf8 26. f3 Ke7 27.
Kf2 Ba6 28. Ke3 Kf6 29. Bxa6 Nxa6 30. Ndc6 g5 31. g3 Nc5 32. Kd4 Nba4 33. fxg5+
hxg5 34. h4 gxh4 35. gxh4 Nb7 36. Nd7+ Kf7 37. Ke5 Nb2 38. h5 Nd3+ 39. Kd4 Nf4
40. a4 Nxh5 41. a5 Nxa5 42. Nxa5 Nf4 43. Nc6 Ne2+ 44. Ke5 d4 45. Nxd4 Ng1 46.
Nc5 f4 47. Nd3 Ke7 48. Nxf4 Kd8 49. Nd3 Nxf3+ 50. Nxf3 Ke8 51. Nc5 Kf7 52. Ng5+
Ke7 53. Nge4 Kf7 54. Nf6 Ke7 55. Ncd7 Kd8 56. Kd6 Kc8 57. Ne5 Kb8 58. Nfd7+ 1-0

[Event "29. Staufer-Open (A)"]
[Site "?"]
[Date "2017.01.03"]
[Round "4"]
[White "Rafiee, Makan"]
[Black "Krassowizkij, Jaroslaw"]
[Result "1/2-1/2"]
[WhiteElo "2316"]
[BlackElo "2447"]
[PlyCount "77"]
[EventDate "2017.??.??"]
[WhiteTeam "Kasseler SK"]
[BlackTeam "SV Griesheim"]

1. e4 e6 2. d4 d5 3. Nc3 Nf6 4. e5 Nfd7 5. f4 c5 6. Nce2 Nc6 7. c3 b5 8. a3 c4
9. Nf3 Na5 10. g3 Nb3 11. Rb1 Nb6 12. Bg2 a5 13. O-O b4 14. g4 h5 15. h3 hxg4
16. hxg4 Be7 17. Ng3 g6 18. Kf2 Bd7 19. Rh1 Rxh1 20. Qxh1 Nxc1 21. Rxc1 bxa3
22. bxa3 Bxa3 23. Qh8+ Bf8 24. f5 Qe7 25. Ra1 gxf5 26. gxf5 exf5 27. Bh3 Kd8
28. Nxf5 Bxf5 29. Bxf5 Kc7 30. Re1 Kb7 31. e6 fxe6 32. Rxe6 Qa3 33. Qh2 Ka6 34.
Qc7 Qb2+ 35. Kg1 Bh6 36. Kf1 a4 37. Qc6 Qc1+ 38. Ke2 Qb2+ 39. Kf1 1/2-1/2

[Event "29. Staufer-Open (A)"]
[Site "?"]
[Date "2017.01.03"]
[Round "4"]
[White "Kahrovic, Mersid"]
[Black "Womacka, Mathias"]
[Result "0-1"]
[WhiteElo "2268"]
[BlackElo "2435"]
[PlyCount "111"]
[EventDate "2017.??.??"]
[WhiteTeam "SF 90 Spraitbach"]
[BlackTeam "SK Schwäbisch Hall"]

1. c4 c5 2. Nc3 Nf6 3. e4 Nc6 4. g3 e6 5. Bg2 d5 6. exd5 exd5 7. Nxd5 Nxd5 8.
Bxd5 Nb4 9. Be4 Be7 10. Qf3 f5 11. Bb1 Bd7 12. Qe3 O-O 13. Ne2 Bf6 14. O-O Qb6
15. Nc3 Rae8 16. Qf3 Qd6 17. a3 Nc6 18. Qd5+ Qxd5 19. cxd5 Nd4 20. Ba2 f4 21.
d3 fxg3 22. hxg3 Bh3 23. Bf4 Bxf1 24. Kxf1 Kh8 25. Bd6 Rf7 26. Bxc5 b6 27. d6
Rd7 28. Bxd4 Bxd4 29. Nb5 Bxb2 30. Rb1 Bf6 31. Bd5 Rdd8 32. d7 Rxd7 33. Bc6
Red8 34. Bxd7 Rxd7 35. Rc1 a6 36. Rc8+ Rd8 37. Rxd8+ Bxd8 38. Nd4 b5 39. Nc6
Bc7 40. Ke2 Kg8 41. d4 Bd6 42. Nb4 a5 43. Nc2 Kf7 44. Kd3 h5 45. Ke4 Kf6 46.
Kd5 Ke7 47. Ke4 Kf6 48. Kd5 Ke7 49. Kc6 b4 50. axb4 axb4 51. Ne3 b3 52. Nc4 g5
53. Kd5 h4 54. gxh4 gxh4 55. Ke4 h3 56. Kf3 0-1

[Event "29. Staufer-Open (A)"]
[Site "?"]
[Date "2017.01.03"]
[Round "4"]
[White "Stets, Dmitry"]
[Black "Mesman, Edwyn"]
[Result "1-0"]
[WhiteElo "2425"]
[BlackElo "1951"]
[PlyCount "45"]
[EventDate "2017.??.??"]
[WhiteTeam "SF Gerresheim"]

1. e4 c5 2. Nc3 Nc6 3. Nge2 g6 4. d4 cxd4 5. Nxd4 Bg7 6. Be3 d6 7. Bc4 Nf6 8.
f3 Na5 9. Bb3 Nxb3 10. axb3 a6 11. Qd2 O-O 12. Bh6 Bxh6 13. Qxh6 e5 14. Nde2 d5
15. exd5 Bf5 16. O-O-O Qa5 17. Ng3 Bd7 18. Nge4 Nxe4 19. Nxe4 f6 20. Kb1 Rac8
21. h4 Qd8 22. g4 Rf7 23. Nd6 1-0

[Event "29. Staufer-Open (A)"]
[Site "?"]
[Date "2017.01.03"]
[Round "4"]
[White "Henrich, Thomas"]
[Black "Velicka, Petr"]
[Result "1/2-1/2"]
[WhiteElo "2224"]
[BlackElo "2420"]
[PlyCount "112"]
[EventDate "2017.??.??"]
[WhiteTeam "SK Marburg"]
[BlackTeam "SK Passau"]

1. d4 d5 2. c4 c6 3. cxd5 cxd5 4. Bf4 Nf6 5. e3 Nc6 6. Nc3 Bf5 7. Qb3 Na5 8.
Qa4+ Bd7 9. Qc2 e6 10. Nf3 Rc8 11. Bd3 Be7 12. h3 O-O 13. O-O b5 14. a3 a6 15.
Ne5 Nc4 16. Rfc1 g6 17. Bh6 Re8 18. Qe2 Nxe5 19. dxe5 Nh5 20. Qg4 Qc7 21. f4 a5
22. Kh2 b4 23. axb4 axb4 24. Ne2 Qb8 25. Nd4 Rxc1 26. Rxc1 Rc8 27. Qd1 Ng7 28.
Rxc8+ Qxc8 29. g4 f6 30. Nf3 Qc5 31. Qd2 fxe5 32. Nxe5 Be8 33. Bb1 Bd6 34. Qd4
Qxd4 35. exd4 Bb5 36. Bg5 Ne8 37. Bc2 Kg7 38. Bd8 Nf6 39. b3 Ne4 40. Kg2 Be2
41. Ba5 h6 42. Bxe4 dxe4 43. Kf2 Bd1 44. Ke3 Bxb3 45. Nc6 g5 46. fxg5 hxg5 47.
Nxb4 Bc4 48. Kxe4 Bf1 49. Nd3 Bxh3 50. Kf3 Bf1 51. Ne5 Ba3 52. Bd2 Be7 53. Be3
Ba6 54. Kg3 Bb7 55. Nf3 Kg6 56. Ne5+ Kg7 1/2-1/2

[Event "29. Staufer-Open (A)"]
[Site "?"]
[Date "2017.01.03"]
[Round "4"]
[White "Krastev, Alexander"]
[Black "Kostic, Vladimir"]
[Result "1/2-1/2"]
[WhiteElo "1961"]
[BlackElo "2352"]
[PlyCount "110"]
[EventDate "2017.??.??"]
[WhiteTeam "Biebertaler SF"]
[BlackTeam "SK München Südost"]

1. e4 e5 2. Nc3 Nf6 3. Bc4 Nc6 4. d3 Be7 5. f4 exf4 6. Bxf4 d6 7. Nf3 O-O 8.
O-O Be6 9. Bb3 Qd7 10. Kh1 Rae8 11. Qd2 Bd8 12. Rae1 Bxb3 13. axb3 d5 14. e5
Nh5 15. d4 Nxf4 16. Qxf4 f6 17. Qg3 fxe5 18. dxe5 Qe6 19. h3 a6 20. Rf2 Be7 21.
Rfe2 Rd8 22. Rd1 Kh8 23. Red2 Nb4 24. Ne2 c5 25. c3 Nc6 26. Nf4 Qh6 27. Nxd5
Rde8 28. Nc7 Rd8 29. Rxd8 Rxd8 30. Rxd8+ Bxd8 31. Nd5 Qe6 32. c4 Kg8 33. Qf4 h6
34. g4 Qg6 35. Qf5 Qxf5 36. gxf5 Bg5 37. Nc3 Bc1 38. Na4 Be3 39. Kg2 Ne7 40.
Nh4 Bd4 41. e6 b5 42. Nb6 Bf6 43. Kg3 Bxh4+ 44. Kxh4 Nxf5+ 45. Kg4 Nd4 46. e7
Kf7 47. Nd5 Nc6 48. Nc7 Kxe7 49. Nxa6 bxc4 50. Nxc5 Kd6 51. Nb7+ Kc7 52. bxc4
Kxb7 53. Kf5 Nd8 54. Kg6 Ne6 55. Kf7 Ng5+ 1/2-1/2

[Event "29. Staufer-Open (A)"]
[Site "?"]
[Date "2017.01.03"]
[Round "4"]
[White "Pfreundt, Jakob"]
[Black "Kölle, Tobias"]
[Result "1/2-1/2"]
[WhiteElo "2347"]
[BlackElo "1862"]
[PlyCount "100"]
[EventDate "2017.??.??"]
[WhiteTeam "Königsspr. SC"]
[BlackTeam "SF Kornwestheim"]

1. e4 e5 2. Nf3 Nc6 3. Bb5 a6 4. Ba4 Nf6 5. O-O b5 6. Bb3 Be7 7. d3 O-O 8. Nc3
d6 9. a3 Bg4 10. Be3 Na5 11. Ba2 c5 12. Nd5 Nc6 13. c3 Nxd5 14. Bxd5 Rc8 15. h3
Bh5 16. b4 Re8 17. g4 Bg6 18. bxc5 dxc5 19. Bxc6 Rxc6 20. Nxe5 Rc7 21. f4 Bf6
22. Nxg6 hxg6 23. Qc2 a5 24. e5 Be7 25. c4 b4 26. axb4 axb4 27. Rf3 Rd7 28. Bf2
Qb6 29. Bg3 Ra7 30. Rxa7 Qxa7 31. f5 gxf5 32. gxf5 Bg5 33. f6 g6 34. h4 Qa1+
35. Kg2 Ra8 36. Rf2 Be3 37. Rf1 Qa2 38. Qxa2 Rxa2+ 39. Kf3 Bd4 40. Rb1 Ra1 41.
Rxa1 Bxa1 42. Ke2 Bd4 43. Kd1 b3 44. Kc1 Kf8 45. Kb1 Ke8 46. e6 fxe6 47. Bd6
Kf7 48. Be7 Ke8 49. Bd6 Kf7 50. Be7 Ke8 1/2-1/2